000 00286nam a2200121Ia 4500
008 191201s2016 xx 000 0 und d
100 _aKANETKAR, Yashavant
245 0 _aExploring C
250 _aRep
260 _c2016
_bBPB Publication
_aNEW DELHI
300 _a605
942 _2ddc
_cBK
_02
999 _c7966
_d7966